00378nam a2200133Ia 4500003000900000008004100009040001600050080001600066100001900082245006400101260004800165300001400213650001700227IN-BaIIA211028s9999 xx 000 0 eng d cIIA Library a535.33bCAN aCandler, A. C. 0aAtomic spectra and the vector modelbvol. IcA. C. Candler  aCambridgebCambridge University Pressc1937 avi, 237p. aSpectroscopy